Demokrasi tutkusu (Record no. 4820)

MARC details
000 -BAŞLIK
Sabit Uzunlukta Kontrol Alanı 00750na a2200253 4500
001 - KONTROL NUMARASI
Denetim Alanı 15396
003 - KONTROL NUMARASI IDENTIFIER
Denetim Alanı MIRAKIL
005 - SON İŞLEM TARİHİ VE ZAMANI
Denetim Alanı 20181213155019.0
008 - SABİT-BOY VERİ ELEMANLARI - GENEL BİLGİLER
Sabit Uzunlukta Kontrol Alanı 161025b tu 000 0
035 ## - SİSTEM KONTROL NUMARASI
Sistem Kontrol Numarası 15396
040 ## - KATALOGLAMA KAYNAK
Orijinal Kataloglama Ajansı Milas
Kataloglama Dili tur
Metne Dönüştürmek Ajansı TR-AnCHP
041 ## - DİL KODU
Metin / Ses Parça Veya Ayrı Başlığın Dil Kodu tur
082 ## - DEWEY ONLU SINIFLANDIRMA NUMARASI
Sınıflandırma Numarası 923.2 Sözen,N.
Ürün Numarası S79ö 2011
090 ## - SINIFLAMA NUMARASI
Sınıflama Numarası 923.2 Sözen,N. S79ö 2011
100 ## - ANA GİRİŞ - KİŞİSEL İSİM
Kişisel Ad Sözen, Nurettin
245 ## - BAŞLIK TABLOSU
Başlık Demokrasi tutkusu
Başlığın Kalan Önce insan
Sorumluluk Tablosu, Vb Nurettin Sözen
246 ## - UNVAN FORM VARYING
Başlık Doğru / Kısa Başlığı Önce insan
260 ## - YAYIN, DAĞITIM, VB
Yayın, Dağıtım, Vb Yeri İstanbul
Yayıncı, Dağıtıcı, Vs Adı [yayl. y.]
Yayın, Dağıtım, Vb Tarihi 2011
300 ## - FİZİKSEL TANIM
Kapsam 55 s.
Diğer Fiziksel Ayrıntıları res.
Boyutlar 20 sm.
600 ## - KONU KATMA GİRİŞ - KURUMSAL ADI
Kişisel Ad Sözen, Nurettin
Bir Adıyla İlişkilendirilen Tarihler 1937 -
Genel Alt Bölümü Yaşamöyküsü
610 ## - KONU KATMA GİRİŞ - TOPLANTI ADI
Giriş Elemanı Olarak Kurumsal Ad Veya Yargı Alanı Adı CHP
Genel Alt Bölüm Belediye başkanları
Kronolojik Alt Bölüm Yaşamöyküsü
650 ## - KONU KATMA GİRİŞ - TOPİKAL DÖNEM
Topikal Süreli Veya Coğrafi Ad Giriş Elemanı Türkiye
Genel Alt Bölümü Tarih
Kronolojik Alt Bölümü CHP
Coğrafi Alt Bölümü Belediye başkanları
942 ## - EKLENDİ GİRİŞ ELEMANLARI (KOHA)
Sınıflandırma Veya Raf Düzeni Kaynak Dewey Decimal Classification
Koha Öğesi Türü Books
999 ## - SİSTEM KONTROL NUMARALARI (KOHA)
Koha Biblionumber 4820
Koha Biblioitemnumber 4820
Holdings
Kalıcı Konum Mevcut Konum Edinme Tarihi Edinim Kaynak Toplam Check-Out'Lar Tam Çağrı Numarası Barkod Tarih Son Görülme İtibaren Geçerli Fiyatlar Koha Öğesi Türü
CHP Kütüphanesi CHP Kütüphanesi 09/09/2016 Bağış   923.2 Sözen,N. S79ö 2011 003396 09/09/2016 09/09/2016 Books